| 000 | 00760cam a22002293a 4500 | ||
|---|---|---|---|
| 005 | 20180808161354.0 | ||
| 010 | _aB-701245-246 | ||
| 020 |
_a9789386106780 _c125.00 |
||
| 035 | _aB-701245-246 | ||
| 037 | _bDBAD | ||
| 082 | _aS | ||
| 100 | _aAuntie, Kimmie | ||
| 245 |
_aWailing won't work! / _cby Kimmie Auntie illustrated by Ayeshe Sadr & Ishaan Dasgupta |
||
| 260 |
_aGurgaon _bScholastic Inc. _c2016 |
||
| 270 |
_aA-27, Ground Floor, Sigma Centre, Infocity, Sector-34 _bGurgaon _e122001 |
||
| 300 |
_a24.p. _c24cm. (pbk) _billus. |
||
| 490 | _aThe best me! "behaviour" | ||
| 700 | _aSadr, Ayeshe | ||
| 700 | _aDasgupta, Ishaan | ||
| 942 |
_2ddc _cCH _hS _mAUN |
||
| 999 |
_c155674 _d155674 |
||